Score 0/60 Timer 06:00
5 Plays Today
% Correct
 S 
93.3%
 E 
93.3%
 N 
90.8%
 C 
90.7%
 K 
90.7%
 O 
90.5%
 H 
90%
 F 
89.7%
 S 
89.7%
 E 
89.6%
 L 
89.1%
 C 
89.1%
 R 
88.9%
 R 
88.9%
 I 
88.3%
 I 
88.3%
 O 
87.6%
CLOCK            
87.6%
SHORE            
87.1%
 E 
87%
FREES            
87%
 C 
86.9%
FRIES             
86.8%
 N 
85.8%
 E 
85.8%
SCENE            
85.8%
SHONE            
85.6%
 H 
85.3%
 S 
83.9%
 K 
83.9%
% Correct
 L 
83.3%
CHINK             
83.2%
 T 
83.2%
 A 
82.9%
SHARE            
82.9%
FLIES             
82.7%
SCONE            
81.9%
 U 
81.9%
CHUNK            
81.9%
 A 
81.7%
 R 
81.6%
CHICK             
81.5%
 N 
81%
 O 
80.4%
STORK             
80.4%
STANK             
80%
CLICK             
79.8%
CLINK             
78%
SCORE            
75.6%
 P 
75.4%
STARK             
75%
SPANK             
73.3%
SPARK             
72.7%
 T 
71.9%
 U 
71.5%
SPUNK             
71.5%
FLITS              
70%
 A 
69.1%
FLATS             
69.1%
FRITS             
59.1%
Remove Ads.
Support Sporcle.
Get the best of Sporcle when you Go Orange. This ad-free experience offers more features, more stats, and more fun while also helping to support Sporcle. Thank you for becoming a member.

You're not logged in!

Compare scores with friends on all Sporcle quizzes.
OR
Log In

Show Comments

Extras

Top Quizzes Today


Score Distribution

Your Account Isn't Verified!

In order to create a playlist on Sporcle, you need to verify the email address you used during registration. Go to your Sporcle Settings to finish the process.

Report this User

Report this user for behavior that violates our Community Guidelines.

Details: